| 000 | 00751nam a2200229Ia 4500 | ||
|---|---|---|---|
| 003 | GCL | ||
| 005 | 20240530110131.0 | ||
| 008 | 140319s9999 xx 000 0 ara d | ||
| 040 |
_aGCL / _cGCL |
||
| 082 | 0 | 4 |
_a709.01 _bق/ث ف _221 |
| 100 | 1 | _aثروت عكاشة | |
| 245 | 1 | 0 |
_aالفن المصرى / _cثروت عكاشة |
| 250 | _aالثانية | ||
| 260 |
_aالقاهرة : _bدار المعارف ، _c1991 |
||
| 300 |
_a2 مج: _bايض ؛ _c27 سم |
||
| 490 |
_aتاريخ الفن : العين تسمع والاذن ترى _v1 |
||
| 650 | 0 | 4 | _aالحضارة الفرعونية |
| 650 | 0 | 4 | _aالاثار الفرعونية |
| 650 | 0 | 4 | _aالفن المصرى القديم |
| 650 | 0 | 4 | _aالفن المصرى |
| 942 |
_2ddc _cBK |
||
| 999 |
_c58814 _d58814 |
||